000 01358nam0a2200289 4500
001 RU\NLR\bibl\1495329
005 20250616014236.0
021 _aRU
_b2010-11446
_9756
035 _a(NLR Aleph) 001486838
090 _a1738494
_c1738494
100 _a20100407d2007 |||y0rusy50 ca
101 0 _arus
102 _aRU
105 _aa |||||||||
200 1 _aТеория металлургических процессов
_eучебное пособие
_fА.Н. Дильдин
_gМ-во образования и науки Рос. Федерации, Федерал. агентство по образованию, Южно-Урал. гос. ун-т, Фил. в г. Златоусте, Каф. "Общая металлургия"
210 _aЧелябинск
_cИзд-во ЮУрГУ
_d2007
215 _a41,[2] с.
_cил.
_d21
320 _aБиблиогр. в конце кн. (5 назв.)
606 1 _aМеталлургические процессы
_jУчебные издания для высших учебных заведений
_xТеория
_91066361
_3RU\NLR\auth\66414573
686 _aК303-1я73-1
700 1 _aДильдин
_bА. Н.
_gАндрей Николаевич
_4070
801 0 _aRU
_bNLR
_c20100407
_gRCR
801 1 _aRU
_bNLR
_c20100407
830 _aавт. по кн.
942 _cBOOK
980 _aNB